| 000 | 00540nam a22001697a 4500 | ||
|---|---|---|---|
| 003 | BD-ChCU | ||
| 005 | 20260129104214.0 | ||
| 008 | 260129b bg ||||| |||| 00| 0 ben d | ||
| 040 | _cBD-ChCU | ||
| 082 | _a328.5409 SVC | ||
| 100 |
_aS.V. Desika Char . _919886 |
||
| 245 |
_aCentralised Legislation : _ba history of the legislative system of British India from 1834 to 1861 ./ _cDesika Char , S.V. |
||
| 260 |
_aBombay : _bAsia pub. house , _cC 1963 |
||
| 300 | _axv , 359p | ||
| 650 | 0 |
_aLagislative Bodies. _919889 |
|
| 942 |
_2ddc _cBK _n0 |
||
| 999 |
_c111371 _d111371 |
||